000 00678nam a2200241Ia 4500
003 OSt
005 20220918163449.0
006 a|||||r|||| 00| 0
007 ta
008 220917b |||||||| |||| 00| 0 eng d
020 _a0029059704 (hbk)
024 _a103,923
037 _cTextual
040 _aARTS
_cARTS
_beng
041 _2eng
_aeng
082 _aS:12:4, M5;1
245 0 _aMental deficiency
_b the changing outlook edited by Ann M Clarke Alan D B Clarke and Joseph M Berg end
260 _aNew York
_bFree Press
_c1985
300 _axxiv, 834p.
_ccm.
650 _aPSYCHOLOGY
942 _hS:12:4, M5;1
_cTEXL
_2CC
999 _c119718
_d119718